Total Service Management
Charakteristika stále populárnej japonskej filozofie kaizen. Implemetácia tejto filozofie vo výrobných podnikoch. Implementácia filozofie kaizen v administratíve a službách podľa modelu TSM - Total service management. Odstraňovanie prázdnych miest v podnikových procesoch. Metóda 5S - organizácia pr...
Na minha lista:
| Autor principal: | |
|---|---|
| Outros Autores: | |
| Formato: | Capítulo de Livro |
| Idioma: | tcheco |
| Assuntos: | |
| Tags: |
Sem tags, seja o primeiro a adicionar uma tag!
|
MARC
| LEADER | 00000naa$a2200000$$$4500 | ||
|---|---|---|---|
| 001 | 0060114 | ||
| 005 | 20231128135321.8 | ||
| 041 | 0 | |a cze | |
| 044 | |a CZ | ||
| 245 | 1 | 0 | |a Total Service Management |c Ingrid Fečíková - Haburaiová, Pavel Kadavý |
| 520 | |a Charakteristika stále populárnej japonskej filozofie kaizen. Implemetácia tejto filozofie vo výrobných podnikoch. Implementácia filozofie kaizen v administratíve a službách podľa modelu TSM - Total service management. Odstraňovanie prázdnych miest v podnikových procesoch. Metóda 5S - organizácia pracoviska a dobré hospodárenie. Výsledky implementácie kaizen v nevýrobných oblastiach. | ||
| 610 | 2 | 0 | |a metódy riadenia |
| 610 | 2 | 0 | |a manažment |
| 610 | 2 | 0 | |a podnik výrobný |
| 610 | 2 | 0 | |a administratíva |
| 610 | 2 | 0 | |a služby |
| 610 | 2 | 0 | |a procesy podnikové |
| 610 | 2 | 0 | |a produkty |
| 610 | 2 | 0 | |a hodnota |
| 610 | 2 | 0 | |a hospodárenie podnikové |
| 610 | 2 | 0 | |a úspory |
| 100 | 1 | |a Fečíková - Haburaiová, Ingrid | |
| 700 | 1 | |a Kadavý, Pavel | |